[Event "URU-ch (Women)"]
[Site "Montevideo"]
[Date "2013.03.03"]
[Round "7"]
[White "Colombo, Camila"]
[Black "De Leon, Veronica"]
[Result "1-0"]
[WhiteElo "2082"]
[BlackElo "1670"]
[PlyCount "97"]
[EventDate "2013.02.28"]
[EventType "tourn"]
[EventRounds "7"]
[EventCountry "URU"]
[SourceTitle "EXT 2022"]
[Source "ChessBase"]
[SourceDate "2021.10.06"]
[SourceVersion "1"]
[SourceVersionDate "2021.10.06"]
[SourceQuality "1"]

1. d4 d5 2. c4 e6 3. Nc3 Nf6 4. Bg5 Nbd7 5. cxd5 exd5 6. e3 c6 7. Bd3 Be7 8. Nge2 Ne4 9. Bf4 Ndf6 10. Qc2 Nxc3 11. Nxc3 Bd6 12. Bg5 h6 13. Bh4 Be6 14. f3 Be7 15. 0-0 0-0 16. Rae1 Rc8 17. Kh1 Qd6 18. Qd2 Ne8 19. Bxe7 Qxe7 20. e4 dxe4 21. fxe4 Qd7 22. d5 cxd5 23. exd5 Bg4 24. h3 Bxh3 25. Bb5 Bxg2+ 26. Qxg2 Qd8 27. Bxe8 Qh4+ 28. Qh2 Qxh2+ 29. Kxh2 Rfxe8 30. Rxe8+ Rxe8 31. Kg3 g5 32. Kg4 Kg7 33. Rf2 Kg6 34. Re2 f5+ 35. Kf3 Rxe2 36. Nxe2 Kf6 37. Nd4 Ke5 38. d6 g4+ 39. Kg3 f4+ 40. Kxg4 Kxd6 41. Kxf4 Kc5 42. Ke4 Kc4 43. Nf5 b5 44. Nxh6 a5 45. Nf5 a4 46. Ne3+ Kb4 47. Kd4 Ka5 48. Kc5 b4 49. Nc4+ 1-0

[Event "URU-ch (Women)"]
[Site "Montevideo"]
[Date "2013.03.02"]
[Round "4"]
[White "De Leon, Veronica"]
[Black "De Leon, Daiana"]
[Result "0-1"]
[WhiteElo "1670"]
[BlackElo "1685"]
[PlyCount "52"]
[EventDate "2013.02.28"]
[EventType "tourn"]
[EventRounds "7"]
[EventCountry "URU"]
[SourceTitle "EXT 2022"]
[Source "ChessBase"]
[SourceDate "2021.10.06"]
[SourceVersion "1"]
[SourceVersionDate "2021.10.06"]
[SourceQuality "1"]

1. c4 Nf6 2. Nc3 g6 3. g3 Bg7 4. Bg2 0-0 5. d3 c6 6. Nf3 d5 7. cxd5 Nxd5 8. Nxd5 Qxd5 9. 0-0 Qh5 10. Qb3 Nd7 11. Qb4 Nf6 12. h3 a5 13. Qh4 Qxh4 14. Nxh4 Nd5 15. Nf3 a4 16. Rb1 a3 17. b4 Nc3 18. Re1 Nxb1 19. Bd2 Nxd2 20. Nxd2 Be6 21. Nc4 Rfd8 22. Bf1 Bxc4 23. dxc4 Rd2 24. b5 Rxa2 25. e3 Ra1 26. Re2 a2 0-1

[Event "URU-ch (Women)"]
[Site "Montevideo"]
[Date "2013.03.01"]
[Round "2"]
[White "De Leon, Patricia O"]
[Black "De Leon, Veronica"]
[Result "1-0"]
[WhiteElo "1835"]
[BlackElo "1670"]
[PlyCount "63"]
[EventDate "2013.02.28"]
[EventType "tourn"]
[EventRounds "7"]
[EventCountry "URU"]
[SourceTitle "EXT 2022"]
[Source "ChessBase"]
[SourceDate "2021.10.06"]
[SourceVersion "1"]
[SourceVersionDate "2021.10.06"]
[SourceQuality "1"]

1. d4 d5 2. c4 e6 3. Nc3 Nf6 4. Bg5 Nbd7 5. cxd5 exd5 6. e3 c6 7. Nf3 Be7 8. Bd3 Ne4 9. Bf4 Ndf6 10. Qc2 Nxc3 11. bxc3 0-0 12. 0-0 h6 13. h3 Bd6 14. Bxd6 Qxd6 15. Ne5 Be6 16. f4 Rfe8 17. g4 Nd7 18. Nf3 Bxg4 19. hxg4 Rxe3 20. Ne5 f6 21. Qd2 Rh3 22. Kg2 Rxd3 23. Nxd3 g5 24. Rae1 Nf8 25. Qe2 Ng6 26. Qe6+ Qxe6 27. Rxe6 Kf7 28. f5 Ne7 29. Rfe1 Ng8 30. Nc5 Rb8 31. Rb1 b6 32. Rxc6 1-0

[Event "URU-ch (Women)"]
[Site "Montevideo"]
[Date "2013.02.28"]
[Round "1"]
[White "De Leon, Veronica"]
[Black "Silva Rosas, Natalia"]
[Result "0-1"]
[WhiteElo "1670"]
[BlackElo "1904"]
[PlyCount "66"]
[EventDate "2013.02.28"]
[EventType "tourn"]
[EventRounds "7"]
[EventCountry "URU"]
[SourceTitle "EXT 2022"]
[Source "ChessBase"]
[SourceDate "2021.10.06"]
[SourceVersion "1"]
[SourceVersionDate "2021.10.06"]
[SourceQuality "1"]

1. c4 e5 2. Nc3 Nc6 3. g3 g6 4. Bg2 Bg7 5. e3 f5 6. d3 Nf6 7. Nge2 d6 8. 0-0 0-0 9. Nd5 Ne7 10. Nec3 c6 11. Nb4 a5 12. Nc2 d5 13. cxd5 cxd5 14. d4 e4 15. b4 axb4 16. Nxb4 Nc6 17. Qb3 Na5 18. Qc2 Be6 19. Rb1 Rf7 20. Na4 Rc7 21. Nc5 Bf7 22. Qd1 Bf8 23. Na4 Nc4 24. a3 Qd7 25. Nb2 Nxa3 26. Ra1 Bxb4 27. Qb3 Qe7 28. Nd1 Rcc8 29. Qb2 Nc4 30. Rxa8 Rxa8 31. Qb3 Be8 32. Nb2 b5 33. Rd1 g5 0-1

[Event "Pan American-ch (Women)"]
[Site "Montevideo"]
[Date "2012.11.29"]
[Round "8"]
[White "Silva Rosas, Natalia"]
[Black "De Leon, Veronica"]
[Result "1/2-1/2"]
[WhiteElo "1924"]
[BlackElo "1690"]
[PlyCount "47"]
[EventDate "2012.11.24"]
[EventType "swiss"]
[EventRounds "9"]
[EventCountry "URU"]
[SourceTitle "CBM 151 Extra"]
[Source "ChessBase"]
[SourceDate "2012.12.18"]
[SourceVersion "1"]
[SourceVersionDate "2012.12.18"]
[SourceQuality "1"]

1. f4 f5 2. Nf3 e6 3. e3 Nf6 4. Nc3 d5 5. g3 c6 6. a3 Bd6 7. Bg2 0-0 8. 0-0 Nbd7 9. d4 Ne4 10. Nxe4 fxe4 11. Ne5 Nxe5 12. fxe5 Be7 13. Bd2 Bd7 14. Bb4 Rxf1+ 15. Qxf1 Be8 16. Bxe7 Qxe7 17. Qf4 Bg6 18. Qf2 Rf8 19. Qd2 Qc7 20. b3 Bf5 21. Rf1 Qe7 22. Qc1 b5 23. Qa1 Bg6 24. b4 1/2-1/2